000 00224nam a22000977a 4500
999 _c264577
_d264576
008 241004b xxu||||| |||| 00| 0 eng d
020 _a9781423101482
100 _aRick Riordan
245 _aThe Titan's Curse
260 _c2007